Famous Illustrated Tales of Indian Sportspersons Women/ (Record no. 203333)

MARC details
000 -LEADER
fixed length control field 00526 a2200181 4500
005 - DATE AND TIME OF LATEST TRANSACTION
control field 20240528150130.0
010 ## - LCCN (DPL NO)
LC control number B-759220
020 ## - INTERNATIONAL STANDARD BOOK NUMBER
International Standard Book Number 9788119099870
Terms of availability 125.00
035 ## - SYSTEM CONTROL NUMBER
System control number B-759220
037 ## - SOURCE OF ACQUISITION
Source of stock number/acquisition Gift
082 ## - DEWEY DECIMAL CLASSIFICATION NUMBER
Classification number 920
245 ## - TITLE STATEMENT
Title Famous Illustrated Tales of Indian Sportspersons Women/
260 ## - PUBLICATION, DISTRIBUTION, ETC. (IMPRINT)
Place of publication, distribution, etc Noida
Name of publisher, distributor, etc Maple Press Private Limited
Date of publication, distribution, etc 2024
270 ## - ADDRESS
Address A-62 Sector-58
City Noida
Postal code 201301
300 ## - PHYSICAL DESCRIPTION
Extent 72 p.
Dimensions 22 cm(Pb)
942 ## - ADDED ENTRY ELEMENTS (KOHA)
Institution code [OBSOLETE] dpl
Item type Children Books
Source of classification or shelving scheme Dewey Decimal Classification
Classification part 920
Call number suffix FAM
Holdings
Withdrawn status Lost status Not for loan Collection code Home library Current library Date acquired Source of acquisition Cost, normal purchase price Full call number Barcode Copy number Cost, replacement price Koha item type Public note
      Fiction Ashok Vihar Ashok Vihar 28/05/2024 Gift/28.5.24 125.00 920 FAM B-759220 1 125.00 Children Books Gift

© Delhi Public Library
Hit Counter
free hit counter